Normal view
MARC view
Entry Topical Term
001 - CONTROL NUMBER
- control field: 15647
003 - CONTROL NUMBER IDENTIFIER
- control field: OSt
005 - DATE AND TIME OF LATEST TRANSACTION
- control field: 20220124113219.0
008 - FIXED-LENGTH DATA ELEMENTS
- fixed length control field: 220124|| aca||aabn | a|a d
040 ## - CATALOGING SOURCE
- Original cataloging agency: OSt
- Transcribing agency: OSt
150 ## - HEADING--TOPICAL TERM
- Topical term or geographic name entry element: Medical care -- United States -- Cost control.
670 ## - SOURCE DATA FOUND
- Source citation: Work cat.: (OSt): Goodman, John C.: Gerald L. Musgrave 15644, Patient power :, Β©1994
